Constitutional Monarchies - Sudden Death - Statistics

General Stats
  • This quiz has been taken 75 times
  • The average score is 11 of 28
Answers on the Grid
Answers color-coded by a green-red scale on the quiz's grid according to % correct below.
Andorra
Antigua i Barbuda
Australia
Bahamas
Bahrain
Belgium
Belize
Bhutan
Brunei
Cambodia
Canada
Denmark
Grenada
Iceland
Indonesia
Italy
Jamaica
Japan
Jordan
Lesotho
Luxembourg
Malaysia
Marshall Islands
Nepal
Netherlands
New Zealand
North Korea
Norway
Papua New Guinea
Qatar
Saint Kitts and Nevis
Saint Lucia
Saint Vincent and the Grenadines
San Marino
Saudi Arabia
Solomon Islands
South Korea
Spain
Sweden
Taiwan
Thailand
Tuvalu
Uganda
United Kingdom
Vatican City
 
Answer Stats
Answer % Correct
Belgium
77%
Denmark
67%
Australia
60%
Luxembourg
60%
Netherlands
60%
Norway
60%
United Kingdom
60%
Andorra
57%
Japan
53%
Canada
50%
Spain
47%
Sweden
43%
New Zealand
40%
Jamaica
37%
Antigua i Barbuda
33%
Bahamas
33%
Belize
27%
Saint Kitts and Nevis
27%
Saint Lucia
27%
Saint Vincent and the Grenadines
27%
Solomon Islands
27%
Tuvalu
27%
Cambodia
23%
Grenada
20%
Malaysia
20%
Thailand
20%
Papua New Guinea
17%
Lesotho
7%
No matching quizzes found
Score Distribution
Percent of People with Each Score
Percentile by Number Answered
Your Score History
You have not taken this quiz